000 01227nam0a22002411 4500
001 v19\rc\1887838
005 20080221161548.5
035 _a(NLR Aleph) 004975683
090 _a6131760
_c6131760
100 _a20080221d1910 |||y0rusy50 ca
101 0 _arus
102 _aRU
105 _ay z |||||
200 1 _aДомашняя фототипия или Как самому сделать дешевым способом с фотографического негатива желатиновое клише и печатать с последнего типографскими красками (без машин)
210 _aСанкт-Петербург
_cГ.В. Гольстен
_d1910
316 _aЭкземпляр РНБ (34.82.4.1195): утрачен
_5NLR: 34.82.4.1195
517 0 _aКак самому сделать дешевым способом с фотографического негатива желатиновое клише и печатать с последнего типографскими красками (без машин)
700 1 _aУваров
_bП. С.
801 0 _aRU
_bNLR
_gpsbo
801 1 _aRU
_bProSoft-M
_2rusmarc
852 _aNLR
_j34.82.4.1195
942 _cBOOK
980 _aNB